000 01241nam a2200337 i 4500
001 41894
003 Mx-PuUPA
005 20250922122131.0
008 140415s1972 sp gr 001 0 spa d
017 _aB. 12452-60
040 _cMx-PuUPA
_aMx-PuUPA
_bspa
_dMx-PuUPA
_erda
041 1 _aspa
_hger
100 1 _aHertling, Ludwig,
_cFreiherr von,
_d1892-
_917452
_eautor
240 1 0 _aGeschichte der katholischen Kirche.
_lEspañol
245 1 0 _aHistoria de la iglesia /
_cLudwig Hertling ; traducción castellana de Eduardo Valentí
250 _aCuarta edición /
_bampliada
264 1 _aBarcelona, España :
_bEditorial Herder,
_c1972
300 _a572 páginas ;
_c22 cm
336 _2rdacontent
_atexto
_btxt
337 _2rdamedia
_asin medio
_bn
338 _2rdacarrier
_avolumen
_bnc
490 0 _aBiblioteca Herder
490 0 _aSección de Historia ;
_v41
650 7 _2armarc
_aIglesia
_xHistoria
700 1 _aValentí, Eduardo,
_eautor
765 0 _aHertling, Ludwig
_dBerlín : Morus-Verlag, 1967
_tGeschichte der katholischen Kirche
942 _2ddc
_cLI
_h270
_iH5318
999 _c41894
_d41894